{"text_format":"3","workbook":"xlsx","n_sheets":1,"sheets":["RFQ"],"read":"whole","date_system":"1900"}

{"sheet":"RFQ","index":0,"n_rows":112,"n_cols":11,"rows_kept":112,"merged":[[1,1,1,10],[3,1,3,10],[4,1,5,1],[4,2,4,7],[4,8,4,10],[6,1,6,10],[7,1,9,1],[7,2,7,7],[7,8,7,10],[10,1,10,9],[11,1,12,1],[11,2,11,7],[11,8,11,10],[13,1,13,10],[14,1,15,1],[14,2,14,7],[14,8,14,10],[16,1,16,10],[17,1,18,1],[17,2,17,7],[17,8,17,10],[19,1,19,10],[20,1,21,1],[20,2,20,7],[20,8,20,10],[22,1,22,10],[23,1,24,1],[23,2,23,7],[23,8,23,10],[25,1,25,10],[26,1,30,1],[26,2,26,7],[26,8,26,10],[32,1,41,1],[32,2,32,7],[32,8,32,10],[42,1,42,10],[43,1,63,1],[43,2,43,7],[43,8,43,10],[64,1,64,10],[65,1,65,10],[66,1,68,1],[66,2,66,7],[66,8,66,10],[69,1,69,10],[70,1,71,1],[70,2,70,7],[70,8,70,10],[72,1,72,10],[73,1,78,1],[73,2,73,7],[73,8,73,10],[79,2,79,10],[80,1,84,1],[80,2,80,7],[80,8,80,10],[85,1,85,10],[86,1,87,1],[86,2,86,7],[86,8,86,10],[88,1,88,10],[89,1,90,1],[89,2,89,7],[89,8,89,10],[92,1,94,1],[92,2,92,7],[92,8,92,10],[95,1,95,10],[96,1,99,1],[96,2,96,7],[96,8,96,10],[101,1,103,1],[101,2,101,7],[101,8,101,10],[104,1,104,10],[105,1,105,7],[105,8,105,9],[106,1,106,7],[106,8,106,9],[107,1,107,7],[107,8,107,9],[108,1,108,10],[109,1,109,7],[109,8,109,9],[110,1,110,10],[111,1,111,7],[111,8,111,9]]}
[]
[null,"RFQ FOR RENOVATION OF KEMPISIDDANAHUNDI AYURVEDIC HOSPITAL-2025, MYSURU."]
[null,"Sl No","Description of work","Unit","No","Length\nL","Breadth\nB","Depth    H","Qty","Rate","Amount"]
[]
[null,1,"Providing and laying in Cement Concrete for all Basement & surface level\nworks, return walls, retaining walls, sunken floors etc. The granite/trap/basalt crushed graded coarse aggregates and fine aggregates as per relevant\nIS Codes machine mixed with super plasticisers, laid in layers, well compacted\nusing needle vibrators, providing weep holes wherever necessary, including all\nlead & lifts, cost of all materials of quality, labour, Usage charges of machinery,\ncuring and all other appurtenances required to complete the work as per\ntechnical specification.[PWD 2023,pg no 16,Vol-1]",{"$nulls":5},"item No 2.3.1"]
[null,null,"Front formation with necessary drain provision[Front Drainage Coverage]","Nos",1,12.5,3,0.15,{"$f":"E6*F6*G6*H6","v":5.625},{"v":0,"d":"0.00"},{"$f":"I6*J6","v":{"v":0,"d":"0.00"}}]
[]
[null,2,"Providing and fixing C.P. brass long nose bib cock of approved quality \nconforming to IS standards and weighing not less than 810 g.[PWD 2023,pg no 119,Vol-2]",{"$nulls":5},"item No 13.13"]
[null,null,"Bathroom[Inside Bathroom]","Nos",1,{"$nulls":4},{"v":0,"d":"0.00"},{"$f":"J9*E9","v":{"v":0,"d":"0.00"}}]
[null,null,"Washbasin at Bathroom Passage area","Nos",1,{"$nulls":4},{"v":0,"d":"0.00"},{"$f":"E10*J10","v":{"v":0,"d":"0.00"}}]
[]
[null,3,"Providing and fixing wash basin with C.I. brackets, 15 mm PTMT pillar \ncock, 32 mm PTMT waste coupling of  standard pattern, including painting \nof fittings and brackets, cutting and making good the walls wherever \nrequired. White Vitreous China Flat back wash basin size 550x400 mm \nwith single 15 mm PTMT pillar cock.[PWD 2023,pg no 133,Vol-2]",{"$nulls":5},"item No 14.7B"]
[null,null,"Bathroom Passage area","Nos",1,{"$nulls":4},{"v":0,"d":"0.00"},{"$f":"E13*J13","v":{"v":0,"d":"0.00"}}]
[]
[null,4,"Providing and supplying White notice board for First floor .[White notice board of size 1.5X0.90]\n"]
[null,null,"White Board with Stand",null,1,1.5,"-",0.9,{"$f":"H16*F16","v":1.35},{"v":0,"d":"0.00"},{"$f":"J16*I16","v":{"v":0,"d":"0.00"}}]
[]
[null,5,"Providing and fixing Angle cock light with wall flange made of Stainless \nsteel with all concealed fitting arrangements & all necessary accesories \ncomplete - Class [PWD 2023,pg no 139,Vol-2]",{"$nulls":5},"item No 14.52.a"]
[null,null,"For washbasin at Bathroom Passage area","Nos",1,{"$nulls":4},{"v":0,"d":"0.00"},{"$f":"E19*J19","v":{"v":0,"d":"0.00"}}]
[]
[null,6," Sanitary line should be done for existing washbasin and floor traps [Avon plast fittings]"]
[null,null,"Existing washbasin area for sanitary connection ","Nos",1,7.62,"-","-","-",{"v":0,"d":"0.00"},{"$f":"J22*F22","v":{"v":0,"d":"0.00"}}]
[]
[null,7," Providing and fixing German Polyamide flexible connection hose with \nwinged nuts 450mm with all concealed fitting arrangements & all \nnecessary accesories complete -[PWD 2023,pg no 142,Vol-2]",{"$nulls":5},"item No 14.72"]
[null,null,"For washbasin at Bathroom Passage area","Nos",1,{"$nulls":4},{"v":0,"d":"0.00"},{"$f":"E25*J25","v":{"v":0,"d":"0.00"}}]
[]
[null,8,"Electrical appliances and basic needs  for office use"]
[null,null,"Ceiling Fan[Crompton brand with 3blade]","Nos",2,"-","-","-","-",{"v":0,"d":"0.00"},{"$f":"E28*J28","v":{"v":0,"d":"0.00"}}]
[null,null,"Single bedsheet or (hospital cot bed) bedsheet and pillow cover[Green or blue colour]","Nos",4,"-","-","-","-",{"v":0,"d":"0.00"},{"$f":"J29*E29","v":{"v":0,"d":"0.00"}}]
[null,null,"Existing one C.C Tv should be installed and wiring should be done with cat 6 cable approximate meter  will be considered as 25mtrs.Wiring should be inspected.{quoated on market rate]  ","Nos",1,{"v":25,"d":"25.00"},"-","-","-",{"v":0,"d":"0.00"},{"$f":"E30*F30*J30","v":{"v":0,"d":"0.00"}}]
[null,null,"30 Watts LED  light with necessary wiring of Rally or V-Guard wire of 1.5sqmm brand with  [Sturlite LED brand ]","Nos",2,"-","-","-","-",{"v":0,"d":"0.00"},{"$f":"J31*E31","v":{"v":0,"d":"0.00"}}]
[]
[null,9,"General requirements for Hospital"]
[null,null,"Plastic moulded Chairs","Nos",10,"-","-","-","-",{"v":0,"d":"0.00"},{"$f":"J34*E34","v":{"v":0,"d":"0.00"}}]
[null,null,"Blood pressure  manual check up machine(Dr.Odin brand ) mercury","Nos",1,"-","-","-","-",{"v":0,"d":"0.00"},{"v":0,"d":"0.00"}]
[null,null,"Gluco meter of brand Gluneo lite ,Strip(550Nos) Code 127 ]","Nos",1,"-","-","-","-",{"v":0,"d":"0.00"},{"v":0,"d":"0.00"}]
[null,null,"Yoga Mats","Nos",10,"-","-","-","-",{"v":0,"d":"0.00"},{"v":0,"d":"0.00"}]
[null,null,"Office Table of size 1.2X0.75","Nos",2,"-","-","-","-",{"v":0,"d":"0.00"},{"v":0,"d":"0.00"}]
[null,null,"S.S Chairs with cushion","Nos",2,"-","-","-","-",{"v":0,"d":"0.00"},{"v":0,"d":"0.00"}]
[null,null,"Surgical iron foot steps of 2 steps for examination bed","Nos",3,"-","-","-","-",{"v":0,"d":"0.00"},{"v":0,"d":"0.00"}]
[null,null,"FRP sump plate","Nos",1,"-","-","-","-",{"v":0,"d":"0.00"},{"v":0,"d":"0.00"}]
[null,null,"Mud Flower pots","Nos",15,"-","-","-","-",{"v":0,"d":"0.00"},{"v":0,"d":"0.00"}]
[]
[null,10," Providing  and  laying  vitrified  floor  tiles  with thickness 9-10 mm in  \ndifferent  sizes  with  water  absorption  less  than  0.08%  and conforming to \nIS: 15622, of approved make, in all colours and shades, laid on 20mm thick \ncement mortar 1:4 (1 cement : 4 coarse sand), jointing with grey cement \nslurry @ 3.3 kg/ m2  including grouting the joints with white cement and \nmatching pigments etc., complete.[PWD 2023,pg no 60,Vol-2] ",{"$nulls":5},"item No 9.12.2"]
[null,null,"Front Parking","SQM",1,4.58,3.58,"-",{"$f":"E45*F45*G45","v":{"v":16.3964,"d":"16.40"}},{"v":0,"d":"0.00"},{"$f":"I45*J45","v":{"v":0,"d":"0.00"}}]
[null,null,"Front Parking","SQM",1,0.9,1.83,"-",{"v":1.647,"d":"1.65"},{"v":0,"d":"0.00"},{"v":0,"d":"0.00"}]
[null,null,"Front Parking","SQM",1,2.74,0.9,"-",{"v":2.466,"d":"2.47"},{"v":0,"d":"0.00"},{"v":0,"d":"0.00"}]
[null,null,"Front Parking","SQM",1,2.44,1.2,"-",{"v":2.928,"d":"2.93"},{"v":0,"d":"0.00"},{"v":0,"d":"0.00"}]
[null,null,"Wall tile for head rest","SQM",1,3,2.1,"-",{"v":6.300000000000001,"d":"6.30"},{"v":0,"d":"0.00"},{"v":0,"d":"0.00"}]
[null,null,"Flooring","SQM",1,3.73,0.75,"-",{"v":2.7975,"d":"2.80"},{"v":0,"d":"0.00"},{"v":0,"d":"0.00"}]
[null,null,"Flooring","SQM",1,1,2.1,"-",{"v":2.1,"d":"2.10"},{"v":0,"d":"0.00"},{"v":0,"d":"0.00"}]
[null,null,"Flooring","SQM",1,3.81,4.42,"-",{"v":16.8402,"d":"16.84"},{"v":0,"d":"0.00"},{"v":0,"d":"0.00"}]
[null,null,"Flooring","SQM",1,3.74,3,"-",11.22,{"v":0,"d":"0.00"},{"v":0,"d":"0.00"}]
[null,null,"Flooring","SQM",1,0.3,0.9,"-",0.27,{"v":0,"d":"0.00"},{"v":0,"d":"0.00"}]
[null,null,"Flooring","SQM",1,2.97,5.64,"-",{"v":16.7508,"d":"16.75"},{"v":0,"d":"0.00"},{"v":0,"d":"0.00"}]
[null,null,"Flooring","SQM",1,3.74,3.2,"-",{"v":11.968000000000002,"d":"11.97"},{"v":0,"d":"0.00"},{"v":0,"d":"0.00"}]
[null,null,"Flooring","SQM",1,3.35,1.91,"-",{"v":6.3985,"d":"6.40"},{"v":0,"d":"0.00"},{"v":0,"d":"0.00"}]
[null,null,"Skirting","SQM",1,48.4,"-",0.1,{"$f":"E58*F58*H58","v":4.84},{"v":0,"d":"0.00"},{"v":0,"d":"0.00"}]
[null,null,"Bathroom floor","SQM",1,1.38,1,"-",{"$f":"E59*F59*G59","v":1.38},{"v":0,"d":"0.00"},{"v":0,"d":"0.00"}]
[null,null,"Bathroom wall ","SQM",1,3.81,"-",1.98,{"$f":"E60*F60*H60","v":{"v":7.5438,"d":"7.54"}},{"v":0,"d":"0.00"},{"v":0,"d":"0.00"}]
[null,null,"Bathroom floor","SQM",1,1.2,1.2,"-",{"$f":"E61*F61*G61","v":1.44},{"v":0,"d":"0.00"},{"v":0,"d":"0.00"}]
[null,null,"Bathroom wall ","SQM",1,4.12,"-",1.98,{"$f":"E62*F62*H62","v":{"v":8.1576,"d":"8.16"}},{"v":0,"d":"0.00"},{"v":0,"d":"0.00"}]
[null,null,"Bathroom floor","SQM",1,1.2,1.2,"-",{"$f":"E63*F63*G63","v":1.44},{"v":0,"d":"0.00"},{"v":0,"d":"0.00"}]
[null,null,"Bathroom wall ","SQM",1,4.12,"-",2.82,{"$f":"E64*F64*H64","v":{"v":11.6184,"d":"11.62"}},{"v":0,"d":"0.00"},{"v":0,"d":"0.00"}]
[]
[]
[null,11,"Providing and supplying White notice board for Hall."]
[null,null,"Green pin board of size 1.5X0.6","Nos",1,1.5,"-",0.6,{"$f":"E68*F68*H68","v":0.8999999999999999},{"v":0,"d":"0.00"},{"$f":"I68*J68","v":{"v":0,"d":"0.00"}}]
[null,null,"White board with Stand of size 1.5X0.9[With Stand]","Nos",1,1.5,"-",0.9,1.35,{"v":0,"d":"0.00"},{"v":0,"d":"0.00"}]
[]
[null,12,"Demolishing R.B. work manually/by mechanical means including stacking \nof steel bars and disposal of unserviceable material to the appropriate \ndisposal area as per direction of Engineer-in-charge  [PWD 2023,pg no 187,Vol-2]",{"$nulls":5},"item No 19.4"]
[null,null,"Sanitary Work for pantry unit ","Nos",1,4.57,0.9,"-",{"$f":"E72*F72*G72","v":4.113},{"v":0,"d":"0.00"},{"$f":"I72*J72","v":{"v":0,"d":"0.00"}}]
[]
[null,13,"Providing and laying 52 mm thick cement concrete flooring with concrete \nhardener topping, under layer 40 mm thick cement concrete 1:2:4 (1 ce\nment : 2 coarse sand : 4 graded stone aggregate 20 mm nominal size) and \ntop layer 12 mm thick cement hardener consisting of mix 1:2 (1 cement \nhardener mix : 2 graded stone aggregate 6 mm nominal size) by volume, \nhardening compound mixed @ 2 L per 50 kg of cement or as per direction \nof Engineer incharge.. Providing Coursed rubble masonry (first sort) with hard stone in foundation \nand plinth with Cement mortar 1:6 (1 cement : 6 coarse sand)Providing and fixing 1 mm thick M.S..[PWD 2023,pg no 63,Vol-2] ",{"$nulls":5},"item No 9.25"]
[null,null,"Front Parking","SQM",1,4.58,3.58,"-",{"$f":"E75*F75*G75","v":{"v":16.3964,"d":"16.40"}},{"v":0,"d":"0.00"},{"$f":"I75*J75","v":{"v":0,"d":"0.00"}}]
[null,null,"Front Parking","SQM",1,0.9,1.83,"-",{"v":1.647,"d":"1.65"},{"v":0,"d":"0.00"},{"v":0,"d":"0.00"}]
[null,null,"Front Parking","SQM",1,2.74,0.9,"-",{"v":2.466,"d":"2.47"},{"v":0,"d":"0.00"},{"v":0,"d":"0.00"}]
[null,null,"Front Parking","SQM",1,2.44,1.2,"-",{"v":2.928,"d":"2.93"},{"v":0,"d":"0.00"},{"v":0,"d":"0.00"}]
[null,null,"Tile should be laid where Sanitary Work is completed","SQM",1,4.57,0.9,"-",4.113,{"v":0,"d":"0.00"},{"v":0,"d":"0.00"}]
[]
[null,14,"Providing  Solid Concrete Bricks of size 381X153X204 mm having strength \n5Mpa & above for superstructure above plinth level in all shapes and sizes \nwith Cement mortar 1:4 (1 cement : 4 coarse sand)  including cost of all \nmaterials, labour, scaffolding and usage charges of machineries & other \nincidental charges complete as per the direction of engineer incharge of \nwork.Providing   12 mm cement plaster  with cement mortar 1:4 (1 cement: \n4 fine sand) to brick masonry including rounding off corners wherever \nrequired smooth rendering, providing and removing scaffolding, including \ncost of materials, labour, curing complete as per specifications and as per \ndirections of Engineer-in-charge.[PWD 2023,pg no 17,Vol-2][PWD 2023,pg no 41,Vol-2]",{"$nulls":5},"item No 6.35 and item no 8.4.2"]
[null,null,"Construction of pantry platform","SQM",1,1.8,0.75,0.6,{"$f":"E82*F82*H82*G82","v":0.81},{"v":0,"d":"0.00"},{"$f":"I82*J82","v":{"v":0,"d":"0.00"}}]
[null,null,"Stainless steel Sink  and Tap of onida brand","Nos",1,"-","-","-","-",{"v":0,"d":"0.00"},{"$f":"E83*J83","v":{"v":0,"d":"0.00"}}]
[null,null,"30mm z black granite top ","SQM",1,1.5,"-",0.6,{"$f":"E84*F84*H84","v":0.8999999999999999},{"v":0,"d":"0.00"},{"$f":"I84*J84","v":{"v":0,"d":"0.00"}}]
[null,null,"Pantry platform plastering","SQM",6,"-",0.75,0.6,{"$f":"E85*H85*G85","v":2.6999999999999997},{"v":0,"d":"0.00"},{"$f":"J85*I85","v":{"v":0,"d":"0.00"}}]
[]
[null,15,"M20 Design Mix Using 20 mm nominal size graded crushed coarse aggregates [PWD 2023,pg no 15,Vol-1]",{"$nulls":5},"item no 2.2.1"]
[null,null,"Flooring work  should be done where Sanitary Work is completed","Nos",1,4.57,0.9,"-",{"$f":"E88*F88*G88","v":4.113},{"v":0,"d":"0.00"},{"$f":"I88*J88","v":{"v":0,"d":"0.00"}}]
[]
[null,16,"Taking out existing wooden door shutter, repair by cutting, painting etc. \nand refixing of repaired door shutters to existing door frames, including \nreplacement of hinges with screws, etc. as required, all complete as per \nthe direction of the Engineer-in-charge and Providing and fixing of WPC door for bathroom.[PWD 2023,pg no 202,Vol-2]"]
[null,null,"Door alteration at Massage room wash room ","Nos",3,1,"-",2.1,{"$f":"E91*F91*H91","v":6.300000000000001},{"v":0,"d":"0.00"},{"$f":"I91*J91","v":{"v":0,"d":"0.00"}}]
[]
[null,17,"Providing & fixingwith Exhaust Turbo speed fan \nwith 5 blades (300mm x 300 mm & above sized fan)  with copper motor \nhaving mounting arrangements as per direction of Engineer in charge \nof work[PWD 2023,pg no 221,Vol-2]",{"$nulls":5},"item no 22.49"]
[null,null,"Core Cutting Charges","No",1,"-","-","-",{"v":1,"d":"1.00"},{"v":0,"d":"0.00"},{"$f":"I94*J94","v":{"v":0,"d":"0.00"}}]
[null,null,"Exhaust fan and Fixing [Rally brand]","No",1,"-","-","-",{"v":1,"d":"1.00"},{"v":0,"d":"0.00"},{"$f":"J95*I95","v":{"v":0,"d":"0.00"}}]
[]
[null,18,"Providing and supplying 16mm thick both side balancing lamination factory pressed BWP grade marine ply as per IS 710 of approved brand bo xes,shelves,racks,almirah,cupboard and drawer etc. including necessary nails,screws etc. Providing and fixing stainless steel soft closing heavy type telescopic\ndrawer channels of approved make 500 mm long with screws etc. complete as per direction of Engineer-in-charge. Labour & installation charges for BWP ply:BWR ply:HDHMR: MDF & \nParticle board work of any thickness applicable for all types of work [PWD 2023-24,pg no 217,Vol-2][PWD 2023-24,pg no 218,Vol-2]",{"$nulls":5},"item no 22.8,item no 22.6 &item no 22.2"]
[null,null,"Labour and installation charges","SQM",1,3.35,"-",2.1,{"$f":"E98*F98*H98","v":7.035},{"v":0,"d":"0.00"},{"$f":"J98*I98","v":{"v":0,"d":"0.00"}}]
[null,null,"6mm Back panel with lamination","SQM",1,3.35,"-",2.1,7.035,{"v":0,"d":"0.00"},{"v":0,"d":"0.00"}]
[null,null,"Store room Wardrobe  carcase [Open shelves]","SQM",1,3.35,"-",2.1,7.035,{"v":0,"d":"0.00"},{"v":0,"d":"0.00"}]
[]
[null,19,"Providing and fixing of Tube light board with electrical provision with the help of M.S fabrication work using 100X100MM  square pole with frame size 1.5mX3.69m"]
[null,null,"Light board of size 2.44X0.9","SQM",1,2.44,"-",0.9,{"$f":"E103*F103*H103","v":2.196},{"v":0,"d":"0.00"},{"$f":"I103*J103","v":{"v":0,"d":"0.00"}}]
[null,null,"Arch Construction with M.S Tube","SQM",1,3.69,"-",1.5,5.535,{"v":0,"d":"0.00"},{"$f":"J104*I104","v":{"v":0,"d":"0.00"}}]
[]
[null,"Total",{"$nulls":8},{"$f":"SUM(K103:K104,K100,K98:K99,K94:K95,K91,K88,K82:K85,K75:K79,K72,K68:K69,K61:K64,K51:K60,K45:K50,K38:K42,K34:K37,K28:K31,K25,K22,K19,K16,K13,K9:K10,K6)","v":{"v":0,"d":"0.00"}}]
[null,"GST-18%",{"$nulls":8},{"$f":"K106*18%","v":{"v":0,"d":"0.00"}}]
[null,"Grand Total",{"$nulls":8},{"$f":"SUM(K106+K107)","v":{"v":0,"d":"0.00"}}]
[]
[null,"Local Contribution - 5%",{"$nulls":8},{"$f":"K108*5%","v":{"v":0,"d":"0.00"}}]
[]
[null,"ITC Contribution",{"$nulls":8},{"$f":"K108-K110","v":{"v":0,"d":"0.00"}}]